Normal view
MARC view
Entry Nombre personal
001 - NÚMERO DE CONTROL
- campo de control: 807
003 - IDENTIFICADOR DE NÚMERO DE CONTROL
- campo de control: DLC
005 - FECHA Y HORA DE LA ÚLTIMA TRANSACCIÓN
- campo de control: 20260307085603.0
008 - ELEMENTOS DE DATO DE LONGITUD-FIJA
- campo de control de longitud fija: 241205n| azannaabn n aaa c
010 ## - NÚMERO DE CONTROL DE LA BIBLIOTECA DEL CONGRESO
- Número de control de LC: ns2024003401
035 ## - NÚMERO DE CONTROL DEL SISTEMA
- Número de control de sistema: (CaEvSKY)skya13455600
040 ## - FUENTE DE CATALOGACIÓN
- Centro catalogador/agencia de origen: MX-MxITA
- Lengua de catalogación: eng
- Normas de descripción: rda
- Centro/agencia transcriptor: MX-MxITA
100 1# - ENCABEZAMIENTO-NOMBRE DE PERSONA
- Nombre de persona: Aguilera, Ricardo
377 ## - IDIOMA ASOCIADO
- Código del idioma: spa
670 ## - FUENTE DE DATOS ENCONTRADOS
- Cita de la fuente: Velázquez, D. Dibujos de Velázquez, 1969:
- Información encontrada: cover (editor Ricardo Aguilera)